Định hướng chiến lược phát triễn nghành nghề đào tạo của trường Đại học sư phạm - Đại học Đà Nẵng trong giai thoại sắp tới.
Salvato in:
| Autore principale: | |
|---|---|
| Natura: | Libro |
| Pubblicazione: |
2001
|
| Tags: |
Aggiungi Tag
Nessun Tag, puoi essere il primo ad aggiungerne! !
|
| Thư viện lưu trữ: | Mạng thư viện Đại học Đà Nẵng |
|---|
| LEADER | 00800nam a2200229 4500 | ||
|---|---|---|---|
| 001 | 000020427 | ||
| 003 | 16873 | ||
| 005 | 20150318100348.0 | ||
| 008 | 150318s2001 sd | ||
| 100 | 1 | |a Nguyễn Tấn Lê |c TS. |e Chủ nhiệm đề tài | |
| 245 | 1 | 0 | |a Định hướng chiến lược phát triễn nghành nghề đào tạo của trường Đại học sư phạm - Đại học Đà Nẵng trong giai thoại sắp tới. |c Nguyễn Tấn Lê |
| 260 | |c 2001 | ||
| 500 | |a Đề tài NCKH cấp Bộ . Mã số : B2001- 16-11 | ||
| OWN | |a LSP | ||
| 999 | |a From the UDN01 | ||
| TYP | |a Mixed Materials | ||
| TYP | |a Monograph | ||
| TYP | |a Printed language | ||
| 980 | |a Mạng thư viện Đại học Đà Nẵng | ||